Language Quiz

Random Language or Letter Quiz

Three Letter 'F' Words Quiz Stats

 Plays Quiz Updated May 10, 2018

Challenge
Share
Tweet
Embed
Score 0/52 Timer 05:00
1 Play Today
Word % Correct
fat
97.6%
fan
96.9%
far
96.3%
fad
95.7%
fab
95.4%
fag
95.1%
fin
94.5%
fit
94.5%
fig
92.1%
for
92.1%
fed
91.8%
few
91.7%
fen
91.4%
fir
91.3%
fet
90.9%
fas
90.7%
fib
90.6%
fax
90.3%
fun
89.6%
fer
89.2%
fog
89%
fay
88.7%
fee
88.5%
fem
87.9%
fox
87.7%
fob
87.7%
Word % Correct
fes
87.4%
fie
86.9%
fid
86.9%
fop
86.8%
fil
86.6%
fey
86.6%
fah
86.4%
fez
86.1%
fix
86%
foe
85.5%
fur
84.4%
fon
84.2%
feu
82%
feh
81.7%
fiz
79.2%
foo
78.6%
fud
77.1%
fug
76.6%
foy
76.6%
foh
75.9%
fub
75.6%
fou
73.6%
fly
71.3%
fry
66.5%
fro
61.7%
flu
59.3%

You're not logged in!

Compare scores with friends on all Sporcle quizzes.
Join for Free
OR
Log In

You Might Also Like...

Show Comments

Extras

Top Quizzes Today


Score Distribution

Your Account Isn't Verified!

In order to create a playlist on Sporcle, you need to verify the email address you used during registration. Go to your Sporcle Settings to finish the process.

Report this User

Report this user for behavior that violates our Community Guidelines.

Details: